| 000 | 00479nam a2200157 i 4500 | ||
|---|---|---|---|
| 001 | 52408 | ||
| 003 | ES-MaACL | ||
| 005 | 20230906162557.0 | ||
| 007 | t| | ||
| 008 | 030828q19001950fr ||||1| fre d | ||
| 100 | 1 |
_aDaumet, Georges. _942824 |
|
| 245 | 1 | 0 |
_aMemoire sur les relations de la France et de la Castille de 1255 a 1320 / _cGeorges Daumet. |
| 260 |
_a[S.l. : _bs.n., _c19--] ( _eTours : _fDeslis Frères) |
||
| 300 |
_aIV, 255 p. ; _c24 cm. |
||
| 852 |
_aES-MaACL _jC-1668 |
||
| 999 |
_c52408 _d52408 |
||